000 00220nam a22000977a 4500
999 _c262412
_d262411
020 _a0138507848
100 _aBarbara Emberley
245 _aThe Story Of Paul Bunyan
260 _aU.S.A
_bPrentice Hall
_c1963
942 _cBK